00621nam a22001817a 450000500170000000800410001702000220005808200150008010000450009524500410014025000110018126000350019230000110022765000150023894200070025399900170026095201620027720260421112654.0260421b |||||||| |||| 00| 0 eng d a978-1-915712-28-8 a657bINT-I aInternational Accounting Standards Board aIFRS for SMEsĀ® Accounting Standard a3rd Ed aLondonbIFRS Foundationc2025  a326 p. aAccounting cBK c47360d47360 00w2026-04-211040708AccountingaAUKCbAUKCcAccountingd2026-04-09eAli Book Serviceg2950.00iKA/10221l0o657 INT-IpAUKHP0589r2026-04-21 11:27:54yBK